000 01254 a2200217 4500
001 47470
005 20260407155741.0
008 260407a1971 arg spa d
003 AR-UNSa-BCEJYS
040 _aAR-UNSa-BCEJYS
_bspa
_cAR-UNSa-BCEJYS
080 _a330.101
_xCiencia económica en general. La economía y sus problemas. Objeto y métodos de la economía política
245 1 0 _aApuntes de economía política
020 _a84-344-2001-5
264 1 _aBarcelona :
_bEdiciones Ariel
_c1971
300 _a139 p.
_c21 cm.
505 _a1. Nociones preliminares - 2. La estructura productiva del sistema - 3. La composición del excedente y el crecimiento del sistema - 4. La determinación de los precios relativos - 5. La distribución del excedente y la relación entre salario y tasa de beneficio - 6. Profundizaciones ulteriores: el capital fijo; la elección entre técnicas alternativas - 7. El valor añadido y la renta nacional - 8. La determinación de los precios relativos bajo la hipótesis de coeficientes técnicos variables -
942 _cBK
590 _aniveau_biblio:m niveau_hierar:0
100 1 _aSpaventa, Luigi
856 4 1 _uhttps://www.biblioeco.unsa.edu.ar/pmb/images/libros/L127510.jpg
_yImagen de portada
_qimage/jpeg
999 _c4367
_d4367